000 01039nam0a2200301 4500
001 RU\NLR\bibl\1293958
005 20250615145015.0
010 _a978-5-7024-2448-4
_930000
021 _aRU
_b2008-68644
_93925
035 _a(NLR Aleph) 001279604
090 _a490565
_c490565
100 _a20081112d2009 |||y0rusy50 ca
101 1 _arus
_bund
102 _aRU
105 _ay |||||||||
200 1 _aСчастливый брак
_eроман
_fАндреа Йорк
210 _aМосква
_cПанорама
_d2009 [т.е. 2008]
215 _a189, [1] с.
_d17
225 1 _aПанорама романов о любви
_eпериодический литературно-художественный альманах
_v09-008
300 _aКн. фактически издана в 2008 г.
686 _aШ6(4Вл)67-440.4{Лх1299-50}
700 1 _aЙорк
_bА.
_gАндреа
_4070
801 0 _aRU
_bNLR
_c20081112
_gRCR
801 1 _aRU
_bNLR
_c20081112
942 _cBOOK
980 _aNB